000 00676cab a22001935a 4500
001 L154265
008 111108s2011 xxka f 000 0 eng d
035 _a(Sirsi) u154265
041 0 _aeng
100 1 _aBattrick, Paul
245 0 4 _aThe rainbow suite
_bthe 1999 FIDIC contracts, part 3
260 _c2011
490 _aCivil Engineering Surveyor
_vNovember 2011, 41-43(3)
520 _aLooks at programming requirements and progress reporting procedures and asks if they are a benefit or burden for the contractor, employer and its engineer.
651 4 _aInternational
690 _aBUILT ENVIRONMENT-BUILDING CONTRACT FORMS
700 1 _aDuggan, Phil
942 _n0
999 _c83550
_d83550